| 000 | 00698cab a2200217 4500 | ||
|---|---|---|---|
| 001 | WB3141-32 | ||
| 008 | 090401t1995 xxu||||| |||| 00| 0 eng d | ||
| 035 | _a(Sirsi) u15011 | ||
| 041 | _aeng | ||
| 245 | _aWhy a nanny flat is a home help | ||
| 260 | _c1995 | ||
| 350 | _a0 | ||
| 490 |
_aTimes _v1 November 1995, 41(1) |
||
| 520 | _aExamines how homes with suitable accommodation for a nanny are proving top-sellers; explores other characteristics of a home which might attract a good nanny such as location and proximity to shops and schools. | ||
| 650 | _aFAMILY HOMES | ||
| 650 | _aGRANNY FLATS | ||
| 650 | _aLIVE-IN NANNIES | ||
| 690 | _aHOUSING | ||
| 942 | _n0 | ||
| 948 | _c04/03/1997 | ||
| 999 |
_c9801 _d9801 |
||